Statistiques concernant Culture Générale - Série 811

Cliquez ici pour prendre le quiz!

Statistiques générales

  • Ce quiz a été pris 100 fois
  • Le résultat moyen est 7 sur 10

Statistiques - réponses

QuestionRéponse% Correct
Selon l'expression, quel fauve est le roi des animaux ?lion
99%
Complétez l'expression : "Mettre du beurre dans les...épinards
94%
Dans le mot "chronologie", que signifie le radical grec "chrono" ?temps
90%
D'une fratrie de combien d'enfants Céline Dion fait-elle partie ?14
86%
Selon la croyance populaire, quelle petite créature vient chercher les dents de lait que les enfants mettent sous l'oreiller ?La petite souris
83%
Selon l'expression, quel accessoire fait-on porter à quelqu'un lorsqu'on veut le rendre responsable d'un échec ?chapeau
81%
A Paris, quel haut lieu de la finance est familièrement appelé "Le Palais Brongniart" ?La Bourse
56%
Quelle ville, capitale de la Ligurie, aurait vu naître Christophe Colomb ?Gênes
48%
En août 2009, quel pays, la jeune femme élue Miss Univers, représentait-elle ?Vénézuela
28%
Comment nomme-t-on la partie antérieure de la tête du cheval, qui s'étend du front aux naseaux ?chanfrein
5%

Distribution des résultats

Percentile par nombre de réponses

% des personnes avec chaque résultat

Votre développement - résultats

Vous n’avez pas pris ce quiz